000 01484cam a2200409 i 4500
999 _c1444
_d1444
001 19160451
003 OSt
005 20221229152903.0
008 160701s2017 gauab j b 000 0 eng c
010 _a 2016030701
020 _a9781561459681
_q(hardcover)
040 _aNJQ/DLC
_beng
_cNJQ
_erda
_dDLC
_dKH8
042 _apcc
082 0 4 _a577.69 SIL
_223
100 1 _aSill, Cathryn P.,
_d1953-
_eauthor.
245 1 0 _aSeashores /
_cwritten by Cathryn Sill ; illustrated by John Sill.
246 3 0 _aAbout habitats :
_bseashores
250 _aFirst edition.
264 1 _aAtlanta :
_bPeachtree,
_c[2017]
300 _a1 volume (unpaged) :
_bcolor illustrations, color map ;
_c23 x 27 cm.
336 _atext
_2rdacontent
336 _astill image
_2rdacontent
337 _aunmediated
_2rdamedia
338 _avolume
_2rdacarrier
490 1 _aAbout habitats
504 _aIncludes bibliographical references.
520 _a"An introduction to the seashore habitat, including what seashore are and what kinds of animals and plants live there."--
_cProvided by publisher.
521 1 _aAges 3-7.
521 2 _aK to grade 3.
650 0 _aSeashore ecology
_vJuvenile literature.
650 0 _aSeashore animals
_vJuvenile literature.
700 1 _aSill, John,
_eillustrator.
800 1 _aSill, Cathryn P.,
_d1953-
_tAbout habitats.
906 _a7
_bcbc
_corignew
_d1
_eecip
_f20
_gy-gencatlg
942 _2ddc
_cNFIC